Lo que no dice el Código Civil y Comercial (ni necesita decir) / (Registro nro. 5470)
[ vista simple ]
| 000 -LEADER | |
|---|---|
| fixed length control field | 01546nab a22002417a 4500 |
| 003 - CONTROL NUMBER IDENTIFIER | |
| control field | OSt |
| 005 - DATE AND TIME OF LATEST TRANSACTION | |
| control field | 20251113131023.0 |
| 008 - FIXED-LENGTH DATA ELEMENTS--GENERAL INFORMATION | |
| fixed length control field | 190604e xxu||||| |||| 00| 0 spa d |
| 040 ## - CATALOGING SOURCE | |
| Transcribing agency | PJ |
| 100 ## - MAIN ENTRY--PERSONAL NAME | |
| 9 (RLIN) | 1712 |
| Personal name | Leiva Fernandez, Luis F. P. |
| 245 10 - TITLE STATEMENT | |
| Title | Lo que no dice el Código Civil y Comercial (ni necesita decir) / |
| Statement of responsibility, etc | Luis F. P. Leiva Fernández. |
| 260 ## - PUBLICATION, DISTRIBUTION, ETC. (IMPRINT) | |
| Place of publication, distribution, etc | Ciudad Autónoma de Buenos Aires : |
| Name of publisher, distributor, etc | Thomson Reuters La Ley, |
| Date of publication, distribution, etc | 2025. |
| 300 ## - PHYSICAL DESCRIPTION | |
| Extent | p. 5-15 |
| 500 ## - GENERAL NOTE | |
| General note | Cita Online: TR LALEY AR/DOC/1801/2025.<br/> |
| 505 ## - FORMATTED CONTENTS NOTE | |
| Formatted contents note | Sumario: I. Los 10 años del Código Civil y Comercial de la Nación.— II. El aporte científico.— III. La importancia de las fuentes.— IV. Las decisiones que se deben tomar al legislar derecho privado.— V. Lo que no es necesario decir. La autonomía de la voluntad.— VI. Sobre la reiteración de las normas principales del derecho del consumo.— VII. Lo que no es necesario decir. Las instituciones de aplicación extendida.— VIII. Lo que no es necesario decir. El tema de las señas.— IX. Lo que no es necesario decir. Los contratos reales. Lo no regulado no está prohibido. |
| 505 ## - FORMATTED CONTENTS NOTE | |
| Title | ¿Te interesa el texto completo? Solicitalo al correo: koha@justierradelfuego.gov.ar |
| 650 #0 - SUBJECT ADDED ENTRY--TOPICAL TERM | |
| 9 (RLIN) | 1497 |
| Topical term or geographic name as entry element | CODIGO CIVIL Y COMERCIAL |
| 650 #0 - SUBJECT ADDED ENTRY--TOPICAL TERM | |
| 9 (RLIN) | 352 |
| Topical term or geographic name as entry element | DERECHO CIVIL |
| 650 #0 - SUBJECT ADDED ENTRY--TOPICAL TERM | |
| 9 (RLIN) | 1602 |
| Topical term or geographic name as entry element | DERECHO COMERCIAL |
| 650 #0 - SUBJECT ADDED ENTRY--TOPICAL TERM | |
| 9 (RLIN) | 3463 |
| Topical term or geographic name as entry element | CONTRATOS |
| 773 0# - HOST ITEM ENTRY | |
| Host Biblionumber | 2714 |
| Host Itemnumber | 3171 |
| Place, publisher, and date of publication | Ciudad Autónoma de Buenos Aires : Thomson Reuters La Ley, 2014- |
| Title | Revista anales de legislación argentina. Nº 8 - Agosto 2025. |
| 942 ## - ADDED ENTRY ELEMENTS (KOHA) | |
| Source of classification or shelving scheme | |
| Koha item type | Analítica Artículo de Revista |
No hay ítems disponibles.
